Mario Kart Games - Statistics

General Stats
  • This quiz has been taken 262 times
    191 since last reset
  • The average score is 12 of 16
Answer Stats
Console Game % Correct
Wii U Mario Kart 8
96%
Nintendo 64 Mario Kart 64
94%
iQue Player Mario Kart 64
94%
3DS Mario Kart 7
94%
Wii Mario Kart Wii
94%
Switch Mario Kart 8 Deluxe
93%
Gamecube Mario Kart Double Dash
93%
DS Mario Kart DS
93%
Super Nintendo Super Mario Kart
93%
Mobile Mario Kart Tour
84%
GameBoy Advance Mario Kart Super Circuit
74%
Arcade Mario Kart Arcade GP
48%
Arcade Mario Kart Arcade GP 2
39%
Switch Mario Kart Live: Home Circuit
38%
Arcade Mario Kart Arcade GP DX
34%
Arcade Mario Kart Arcade GP VR
19%
No matching quizzes found
Score Distribution
Percent of People with Each Score
Percentile by Number Answered
Your Score History
You have not taken this quiz since the last reset